| 000 | 00530nam a2200181 a 4500 | ||
|---|---|---|---|
| 005 | 20140311163002.0 | ||
| 008 | 020823s19uu xx 00 eng d | ||
| 020 | _a0130328995 | ||
| 050 |
_aHF 5657.4 _b.At875 2001 |
||
| 100 | _aAtkinson, Anthony A. | ||
| 245 |
_aManagement accounting / _cAnthony A. Atkinson. |
||
| 260 |
_aUpper Saddle River, N.J. : _bPrentice Hall, _c2001. |
||
| 300 |
_axxxv, 741 p. : _bcol. ill. ; _c26 cm. |
||
| 521 | _aBSBA | ||
| 650 | _aManagerial accounting | ||
| 942 |
_cBK _2lcc _kFOR |
||
| 999 |
_c39228 _d39228 |
||